000 00604nam a22002417a 4500
003 UA-OsUOA
001 39605
007 ta
008 20060622b un ||||| |||| 00| 0 ukr d
100 _aСпафарий
700 _aНиколай
090 _a18(091)
_bС71
942 _cBK
040 _aUA-OsUOA
_brus
_cUA-OsUOA
_dUA-OsUOA
245 _aЭстетические трактаты
300 _a160 с.
955 _a1
041 _arus
080 _a18(091)
260 _aЛенинград
_bНаука
_c1978
650 7 _a1 Філософські науки
_2UDC
999 _c325747
_d325747